Sociálna ekonómia a sociálna ekonomika
Sociálna ekonomika predstavuje alternatívne realizácie verejného záujmu najmä v oblasti verejných služieb a zamestnanosti. Dôležitosť sociálnych podnikov ako základných pilierov sociálnej ekonomiky a potreba patričnej pozornosti zo strany štátu.
Saved in:
| Main Author: | |
|---|---|
| Format: | Book Chapter |
| Language: | Slovak |
| Subjects: | |
| Tags: |
No Tags, Be the first to tag this record!
|
MARC
| LEADER | 00000nla a2200000 4500 | ||
|---|---|---|---|
| 001 | 0240086 | ||
| 005 | 20240524094122.8 | ||
| 041 | 0 | |a slo | |
| 044 | |a SK | ||
| 245 | 1 | 0 | |a Sociálna ekonómia a sociálna ekonomika |c Sylvia Bukovová |
| 520 | |a Sociálna ekonomika predstavuje alternatívne realizácie verejného záujmu najmä v oblasti verejných služieb a zamestnanosti. Dôležitosť sociálnych podnikov ako základných pilierov sociálnej ekonomiky a potreba patričnej pozornosti zo strany štátu. | ||
| 610 | 2 | 0 | |a ekonomika sociálna |
| 610 | 2 | 0 | |a sektor verejný |
| 610 | 2 | 0 | |a služby sociálne |
| 610 | 2 | 0 | |a služby starostlivosti sociálnej |
| 610 | 2 | 0 | |a podnik sociálny |
| 610 | 2 | 0 | |a zamestnanosť |
| 610 | 2 | 0 | |a skupiny sociálne |
| 100 | 1 | |a Bukovová, Sylvia, 1959- | |